Šla s ním až k šibenici

Titel: Šla s ním až k šibenici / Jiří Červenka
Verfasser:
Ausgabe: 1. vyd.
Veröffentlicht: Havlíčkkova : Nové Strašecí, 2006
Umfang: 176 Seiten : Illustrationen
Format: Buch
Sprache: Tschechisch
Schlagworte:
ISBN: 8090373305
Buchumschlag
X
Lokale Klassifikation: 2 F 873 ; 22 7 N ; 23 8 K 50 ; 3 14 D
alg: 23174746
001A    $03004:22-02-11 
001B    $01999:08-06-25 $t15:17:34.000 
001D    $03004:26-03-12 
001U    $0utf8 
001X    $00 
002@    $0Aau 
002C    $aText $btxt $2rdacontent 
002D    $aohne Hilfsmittel zu benutzen $bn $2rdamedia 
002E    $aBand $bnc $2rdacarrier 
003@    $0231747462 
004A    $080-903733-0-5 
007A    $0231747462 $aHEB 
007G    $0DE0207D3F6FB7F90FED7BC12579DE002D8B9B 
007T    $0Herdhh231747462 
009P    $qapplication/pdf $A2 $3Inhaltsverzeichnis $uhttp://scans.hebis.de/HEBCGI/show.pl?23174746_toc.pdf $mV:DE-603;B:DE-Mb50 
010@    $acze 
011@    $a2006 
013D    $RBiograf $RLebenslauf $RBiografik $#Biographies $#Biography $#Biographies -- Histoire et critique $#Biographie $#Biographisches Nachschlagewerk $#Lebensbeschreibung $#Berühmte Persönlichkeit Biografie $#Biografisches Nachschlagewerk $74006804-3 $8Biografie [Ts1] $9085010375 
021A    $aŠla s ním až k šibenici $hJiří Červenka 
028A    $BVerfasser $4aut $7 $8Červenka, Jiří [Tnd] $9229974643 
032@    $a1. vyd. 
033A    $pHavlíčkkova $nNové Strašecí 
034D    $a176 Seiten 
034M    $aIllustrationen 
044K    $qDNB $74322787-9 $8Kladno [Tg1] $9086782282 
044K    $qDNB $RPreußen $#Gestapo $#Deutsches Reich, Gestapo $#Geheime Staatspolizei $#Gestapo $#Berliner Politische Polizei $#Berlin, Politische Polizei $#Politische Polizei $#Deutsches Reich, Politische Polizei $72029665-4 $8Deutsches Reich$bGeheime Staatspolizei [Tb1] $9042822017 
044K    $qDNB $RArbeitnehmer $RBelegschaft $RMitarbeiterin $#Employees $#Personnel $#Mitarbeiter $#Personal $#Personal $#Personal $74120744-0 $8Mitarbeiter [Ts1] $9085387053 
045F    $a900.943709043 $eDDC23BSB 
045F/01 $a900 
045F/03 $f09043 
045F/03 $f09044 
045F/03 $g437 
045G    $a351.09 $eDDC23BSB 
045G/01 $a351.09 
045G/03 $g43 

lok: 23174746 24
101B    $004-04-12 $t14:11:04.000 
101C    $026-03-12 
101U    $0utf8 
145Z/01 $a2 F 873 
145Z/02 $a22 7 N 
145Z/03 $a23 8 K 50 
145Z/04 $a3 14 D 

exp: 23174746 24 1 #EPN
201B/01 $004-04-12 $t14:10:10.000 
201C/01 $022-02-11 
201U/01 $0utf8 
203@/01 $0606567577 
208@/01 $a26-03-12 $bz 
209A/01 $a11.03109 $du $f050 $h11 03109 $x00 
209C/01 $a11.03109 K $h11 03109 K 
209G/01 $a72601416 $x00 
220C/01 $akon 
244Z/01 $71021408816 $8--Tp1--Felkl, Oskar$Z1913-1947 $x01 $9293333238 
247C/01 $8358050-7 Marburg, Bibliothek des Herder-Instituts Marburg $9102600961 

lok: 23174746 78

exp: 23174746 78 1 #EPN
201B/01 $019-04-17 $t21:56:31.000 
201U/01 $0utf8 
203@/01 $0793641985 
208@/01 $a12-11-16 $be 
209A/01 $a/ $f000 $x00 
244Z/01 $aGeheime Staatspolizei $x01 
244Z/01 $aMitarbeiter $x02 
244Z/01 $2Trx $8--Trx--Monographie $x03 $9391384546 
247C/01 $82080>Marburg/Lahn, Herder-Institut, Forschungsbibliothek, Bibliographieportal $9336309341
LEADER 00000cam a2200000 c 4500
001 231747462
003 DE-603
005 20250608151734.0
007 tu
008 110222s2006 xx |||| | u00||u|cze c
020 |a 8090373305 
035 |a (DE-599)HEB231747462 
040 |a DE-603  |b ger  |c DE-603  |d DE-603 
041 |a cze 
082 0 4 |8 1\u  |a 900.943709043  |q DE-101  |2 23/BSB 
083 0 |8 2\u  |a 351.09  |q DE-101  |2 23/BSB 
085 |8 1\u  |b 900 
085 |8 1\u  |z 1  |s 09043 
085 |8 1\u  |z 1  |s 09044 
085 |8 1\u  |z 2  |s 437 
085 |8 2\u  |b 351.09 
085 |8 2\u  |z 2  |s 43 
100 1 |a Červenka, Jiří  |e Verfasser  |4 aut  |0 (DE-603)229974643 
245 0 0 |a Šla s ním až k šibenici  |c Jiří Červenka 
250 |a 1. vyd. 
264 1 |a Havlíčkkova  |b Nové Strašecí  |c 2006 
300 |a 176 Seiten  |b Illustrationen 
336 |a Text  |b txt  |2 rdacontent 
337 |a ohne Hilfsmittel zu benutzen  |b n  |2 rdamedia 
338 |a Band  |b nc  |2 rdacarrier 
610 1 7 |a Deutsches Reich  |b Geheime Staatspolizei  |2 gnd  |0 (DE-588)2029665-4  |0 (DE-603)042822017 
650 7 |a Mitarbeiter  |0 (DE-588)4120744-0  |0 (DE-603)085387053  |2 gnd 
651 7 |a Kladno  |0 (DE-588)4322787-9  |0 (DE-603)086782282  |2 gnd 
655 7 |a Biografie  |2 gnd-content  |0 (DE-588)4006804-3  |0 (DE-603)085010375 
856 4 2 |m V:DE-603;B:DE-Mb50  |q application/pdf  |u http://scans.hebis.de/HEBCGI/show.pl?23174746_toc.pdf  |3 Inhaltsverzeichnis 
924 0 |9 Mb 50  |a (DE-603)606567577  |b DE-Mb50  |c HES  |d c  |g 11.03109 
924 0 |9 2080  |a (DE-603)793641985  |b DE-2080  |c HES  |d d  |g /